| 000 | 01434cam a2200313 a 4500 | ||
|---|---|---|---|
| 999 |
_c4112 _d4112 |
||
| 001 | 17305494 | ||
| 003 | GZU | ||
| 005 | 20210312090557.0 | ||
| 008 | 120518s2012 enka b 001 0 eng | ||
| 010 | _a 2012419091 | ||
| 020 | _a9780199639564 (pbk.) | ||
| 040 |
_aDLC _cDLC _dDLC |
||
| 042 | _apcc | ||
| 043 |
_ae-uk-en _ae-uk-wl |
||
| 050 | 0 | 0 |
_aKD1949.6 _b.B47 2012 |
| 100 | 1 | _aBermingham, Vera. | |
| 245 | 1 | 0 |
_aTort law / _cVera Bermingham, Carol Brennan. |
| 250 | _a3rd ed. | ||
| 260 |
_aOxford : _bOxford University Press, _cc2012. |
||
| 300 |
_axxix, 320 p. : _bill. ; _c25 cm. |
||
| 490 | 0 | _aDirections | |
| 505 | 0 | _aIntroduction : what is tort law? -- The tort system -- Trespass to the person and to land -- Negligence : duty of care -- Breach of duty -- Negligence : causation -- Negligence : duty of care problem areas -- General defences -- Negligence : liability relating to premises -- Employers' liability -- Vicarious liability -- Product liability -- Nuisance -- Rylands v Fletcher -- Elements of defamation -- Defences to defamation -- Privacy -- Remedies and limitation. | |
| 650 | 0 |
_aTorts _zEngland. |
|
| 650 | 0 |
_aTorts _zWales. |
|
| 700 | 1 |
_aBrennan, Carol _c(Law teacher) |
|
| 906 |
_a7 _bcbc _corigcop _d2 _encip _f20 _gy-gencatlg |
||
| 942 |
_2lcc _cBK _e3rd _h1949.6 _iBER _kKD _m2012 |
||